Council on tall buildings and urban habitat (Record no. 120964)

MARC details
000 -LEADER
fixed length control field 01345cai a22002175a 4500
001 - CONTROL NUMBER
control field L155300
008 - FIXED-LENGTH DATA ELEMENTS--GENERAL INFORMATION
fixed length control field 120314u2011 xxk g 000 0 eng d
035 ## - SYSTEM CONTROL NUMBER
System control number (Sirsi) u155300
041 0# - LANGUAGE CODE
Language code of text/sound track or separate title eng
110 2# - MAIN ENTRY--CORPORATE NAME
Corporate name or jurisdiction name as entry element CTBUH
245 00 - TITLE STATEMENT
Title Council on tall buildings and urban habitat
Medium [electronic resource]
260 ## - PUBLICATION, DISTRIBUTION, ETC.
Place of publication, distribution, etc. Chicago
Name of publisher, distributor, etc. CTBUH
Date of publication, distribution, etc. 2011
520 ## - SUMMARY, ETC.
Summary, etc. CTBUH website which is an international not-for-profit organization supported by architecture, engineering, planning, development and construction professionals. The council is the world's leading body in the field of tall buildings or skycrapers and the recognized source of information on tall buildings internationally. It is the arbiter of the criteria upon which tall building height or skyscraper height is measured, and thus the title of "The World's Tallest Building" determined. The CTBUH database provides further information about skyscrapers worldwide.
590 ## - LOCAL NOTE (RLIN)
Local note KA NTK
651 #4 - SUBJECT ADDED ENTRY--GEOGRAPHIC NAME
Geographic name International
690 ## - LOCAL SUBJECT ADDED ENTRY--TOPICAL TERM (OCLC, RLIN)
Topical term or geographic name as entry element Design and specification
690 ## - LOCAL SUBJECT ADDED ENTRY--TOPICAL TERM (OCLC, RLIN)
Topical term or geographic name as entry element Construction management
9 (RLIN) 6230
856 40 - ELECTRONIC LOCATION AND ACCESS
Uniform Resource Identifier <a href="https://www.ctbuh.org/Home/tabid/53/language/en-US/Default.aspx">https://www.ctbuh.org/Home/tabid/53/language/en-US/Default.aspx</a>
Public note View the website free of charge at www.ctbuh.org
856 40 - ELECTRONIC LOCATION AND ACCESS
Uniform Resource Identifier <a href="https://www.skyscrapercenter.com/">https://www.skyscrapercenter.com/</a>
Public note View the 'skyscraper center' here, the global tall building database of the CTBUH www.skyscraper.com
942 ## - ADDED ENTRY ELEMENTS (KOHA)
Suppress in OPAC 0
Holdings
Withdrawn status Lost status Source of classification or shelving scheme Damaged status Not for loan Home library Current library Shelving location Date acquired Total Checkouts Full call number Barcode Date last seen Copy number Price effective from Koha item type
    Dewey Decimal Classification     Virtual Virtual Online 14/03/2012   WEB-SITE 155300-2001 06/08/2019 1 06/08/2019 Online material